Uzbekistan Trivia (Ўзбекистон ) - Statistics

General Stats
  • This quiz has been taken 12 times
  • The average score is 11 of 15
Answer Stats
Hint Answer % Correct
What year did Uzbekistan get indepdance? 1991
100%
What region is Uzbekistan on? Central Asia
100%
Which religion do Uzbeks believe in? Islam
100%
From whom did Uzbekistan get its independence from? Soviet Union
100%
What is the capital city of Uzbekistan? Tashkent
100%
What if the official STATE language of Uzbekistan? Uzbek
100%
Uzbekistan and Lichtenstein are the only countries that are doubly... landlocked
90%
What if the official INTERETHNIC language of Uzbekistan? Russian
90%
Uzbekistan has an autonomous republic, what is it called? Karakalpakstan
80%
What culture and language is Uzbek part of? Turkic
80%
In Samarkand and Bukhara, what is the majority most spoken language? Tajik
60%
Who is Uzbekistan's first president? Islam Karimov
50%
Prior to its independence, what was formerly Uzbekistan? Uzbek SSR
30%
Uzbekistan's most famous leader was Amir Timur
10%
What language is spoken in the autonomous republic, Karakalpakstan? Karakalpal
10%
No matching quizzes found
Score Distribution
Percent of People with Each Score
Percentile by Number Answered
Your Score History
You have not taken this quiz